000 00420nam a2200181Ia 4500
001 13592
005 20260306164812.0
008 260306t2005||||xx |||||||||||||| ||spa||
041 _aESP
082 _a005.1
_bB86
100 _aBuckland, Mat
_eAUT
245 0 _aPrograming game AL by example
260 _c2005
300 _a495 páginas :
_c23 cm.
650 _aGEN
654 _aCCC
942 _cLIB
_dJUS
_fJUS
_2ddc
_n
999 _c13592
_d13592